00644nam a2200181 a 4500001001000000003000400010005001700014008004000031040002500071082001500096100002900111245015200140250001300292260003700305300003400342500004900376700003700425000026461OSt20201021091210.0110318s1980 dr ab 000 0 spa d aDO-SdBNPbspacBNPHU axxxxbxxxx1 aTejada Castillo, Ramón10aGeografía general de américa :b3ro. educación media (1ro. del bachillerato)cRamón Tejada Castillo ; revisión Rafael Antonio González  a7ma. ed. aSanto Domingo :bDisesa, c1989. a208 p. :bil., map. ;c27 cm. a3ro Educación media (1ro del bachillerato)12aGonzález, Rafael Antonioerev.